Queueing theory in manufacturing systems analysis and design /

Enregistré dans:
Détails bibliographiques
Auteurs principaux: Browne, J (Auteur), Papadopulos, H.T (Auteur), Heavey, C (Auteur)
Format: Livre
Langue:anglais
Publié: London : Chapman and Hall, 1993
Édition:1.ed.
Sujets:
Tags: Ajouter un tag
Pas de tags, Soyez le premier à ajouter un tag!

MARC

LEADER 00000nam a22000003a 4500
001 stu4659
005 20150617225810.2
008 931018s1993----uk------------------eng-d
020 |a 0-142-38720-4 
040 |a STU  |b slo 
041 0 |a eng 
044 |a uk 
080 |a 681.51.01 
080 |a 658.52.011.56  |7 stu_us_auth*stu8281 
080 |a 519.872 
100 1 |a Browne, J  |4 aut 
245 1 |a Queueing theory in manufacturing systems analysis and design /  |c [aut.] Papadopulos,H.T.; Heavey,C.; Browne,J 
250 |a 1.ed. 
260 |a London :  |b Chapman and Hall,  |c 1993 
300 |a 393 s 
650 7 |a ASR výroby  |2 stusub 
650 7 |a teória front  |2 stusub 
650 7 |a ASR  |2 stusub 
650 7 |a teória riadiacich systémov  |2 stusub 
650 7 |a FMS  |2 stusub 
650 7 |a pružné výrobné systémy  |2 stusub 
700 1 |a Papadopulos, H.T  |4 aut 
700 1 |a Heavey, C  |4 aut 
996 |b 284EK07724  |c E*78351  |l EE01  |s A  |a 24  |w stu4659_0001 
996 |b 284EK07673  |c E*78354  |l EE01  |s A  |a 24  |w stu4659_0003 
996 |b 284EK07721  |c E*78355  |l EE01  |s A  |a 24  |w stu4659_0004